00694nai a2200169Ia 4500003000900000008004100009022002200050022002300072040001600095245008700111260008600198310001400284362002800298521006900326650003900395856009000434IN-BaIIA211028c9999 xx s 000 0 eng d a2168-0639 (Print) a2168-0647 (Online) cIIA Library 0aTransactions of the IRE Professional Group on Antennas and Propagationh[eJournal] aNew York, USAbThe Institute of Electrical and Electronics Engineers, Inc. (IEEE) aQuarterly a1(1); 1952 - 3(1); 1955 bSubscribed through National Knowledge Resource Consortium (NKRC) aFields, Waves and Electromagnetics uhttps://ieeexplore.ieee.org/servlet/opac?punumber=8236yClick Here to Access eJournal